Slovenské poľnohospodárstvo dopláca na pomalé prispôsobovanie sa trhovým podmienkam

Nízka aktivita manažmentu slovenských poľnohospodárskych podnikov. Obchodný zákonník upravujúci podnikanie je koncipovaný pre fungujúce trhové vzťahy, ktoré sa ale na Slovensku utvárajú postupne. Dotácie jediným zdrojom intenzifikácie. Kapitalizácia pohľadávok (postupné odpisovanie nevymožiteľných p...

Celý popis

Uložené v:
Podrobná bibliografia
Hlavný autor: Mičulík, Milan
Médium: Kapitola
Jazyk:Slovak
Predmet:
Tagy: Pridať tag
Žiadne tagy, Buďte prvý, kto otaguje tento záznam!

MARC

LEADER 00000naa a2200000 4500
001 r017149
005 20221213101054.2
041 0 |a slo 
044 |a SK 
245 1 0 |a Slovenské poľnohospodárstvo dopláca na pomalé prispôsobovanie sa trhovým podmienkam  |c Milan Mičulík 
520 |a Nízka aktivita manažmentu slovenských poľnohospodárskych podnikov. Obchodný zákonník upravujúci podnikanie je koncipovaný pre fungujúce trhové vzťahy, ktoré sa ale na Slovensku utvárajú postupne. Dotácie jediným zdrojom intenzifikácie. Kapitalizácia pohľadávok (postupné odpisovanie nevymožiteľných pohľadávok po lehote splatnosti vzniklých do 31.12.1992 do nákladov). Rýchlejší rast miezd ako produktivity. Stratovosť rastlinnej a živočíšnej výroby. 
610 2 0 |a poľnohospodárstvo 
610 2 0 |a transformácia 
610 2 0 |a Slovensko 
610 2 0 |a insolventnosť 
610 2 0 |a dotácie 
610 2 0 |a Štátny podporný fond poľnohospodárstva a potravinárstva 
610 2 0 |a pohľadávky 
610 2 0 |a produktivita 
610 2 0 |a strata 
610 2 0 |a podnik poľnohospodársky 
100 1 |a Mičulík, Milan